| 000 | 00607nam a2200193Ia 4500 | ||
|---|---|---|---|
| 005 | 20260114185845.0 | ||
| 008 | 008 260114s9999 xx 000 0 eng d | ||
| 020 | _a9780755626243 | ||
| 037 | _aEBOOK | ||
| 040 |
_aCRL _beng _cCRL |
||
| 041 |
_aeng _2eng |
||
| 084 | _qCRL | ||
| 100 |
_aMartin L. Davies and Marsha Meskimmon _9875251 |
||
| 245 | 0 | _aBreaking the Disciplines Reconceptions in Knowledge, Art and Culture | |
| 260 |
_bBloomsbury _c2003 |
||
| 856 | _uhttps://doi.org/10.5040/9780755626243?locatt=label:secondary_bloomsburyCollections | ||
| 942 | _cEBOOK | ||
| 999 |
_c1474185 _d1474185 |
||